[Event "Evry op 2nd"]
[Site "Evry"]
[Date "2006.11.01"]
[Round "2"]
[White "Baumhauer, Christian"]
[Black "Grenouillat, Denis"]
[Result "1-0"]
[WhiteElo "2030"]
[BlackElo "1850"]
[PlyCount "71"]
[EventDate "2006.11.01"]
[EventType "swiss"]
[EventRounds "7"]
[EventCountry "FRA"]
[SourceTitle "EXT 2007"]
[Source "ChessBase"]
[SourceDate "2006.11.23"]
[SourceVersion "1"]
[SourceVersionDate "2006.11.23"]
[SourceQuality "1"]

1. e4 e5 2. Nf3 Nf6 3. Nxe5 d6 4. Nf3 Nxe4 5. d4 d5 6. Bd3 Nc6 7. 0-0 Be7 8. c4 Nb4 9. Bxe4 dxe4 10. Ne5 0-0 11. a3 Na6 12. Be3 c6 13. f3 f6 14. Ng4 exf3 15. Qxf3 Nc7 16. Nc3 Be6 17. Qe2 Qd7 18. Nf2 b5 19. b3 Rfe8 20. Nce4 Bf8 21. Qc2 Qf7 22. Bf4 Rac8 23. Rfc1 bxc4 24. bxc4 Bf5 25. Re1 Qg6 26. Bxc7 Rxc7 27. Re3 Kh8 28. Rc1 Bxa3 29. Rg3 Qf7 30. Rxa3 Rce7 31. Re3 Bg6 32. Qc3 Qe6 33. Nd3 Qf5 34. Nd6 Rxe3 35. Nxf5 Bxf5 36. Kf2 1-0

[Event "Noisy le Grand op"]
[Site "Noisy le Grand"]
[Date "2003.??.??"]
[Round "3"]
[White "Davy, Bruno"]
[Black "Grenouillat, Denis"]
[Result "1-0"]
[WhiteElo "1820"]
[BlackElo "1530"]
[PlyCount "73"]
[EventDate "2003.05.??"]
[EventType "swiss"]
[EventRounds "7"]
[EventCountry "FRA"]
[SourceTitle "EXT 2005"]
[Source "ChessBase"]
[SourceDate "2004.11.15"]
[SourceVersion "1"]
[SourceVersionDate "2004.11.15"]
[SourceQuality "1"]

1. d4 d5 2. c4 dxc4 3. Nc3 a6 4. a4 e5 5. dxe5 Qxd1+ 6. Kxd1 Nc6 7. Nd5 Kd8 8. Bf4 Be6 9. e4 Bc5 10. f3 Na5 11. Kc2 c6 12. Ne3 Kc7 13. Nf5 g6 14. Nd6 h6 15. Rd1 Ne7 16. Nxf7 Rhf8 17. Bxh6 Rxf7 18. Ne2 Rd8 19. Nc3 Rxd1 20. Nxd1 Nc8 21. Be2 Nb6 22. Nc3 g5 23. Bxg5 Rg7 24. h4 Be7 25. f4 Rh7 26. Bxe7 Rxe7 27. f5 Bxf5 28. exf5 Rxe5 29. f6 Rf5 30. Rf1 Rxf1 31. Bxf1 Nd7 32. Ne4 Nb3 33. Bxc4 Nd4+ 34. Kc3 Nf5 35. h5 Ne3 36. h6 Nxg2 37. h7 1-0